000 00725cam a2200229 a 4500
001 000009413
005 20200929161603.0
008 930121s1990 cu 001 j spa
040 _aDO-SdBNP
_cDLC
082 _aCu863.44
_bA662v
100 1 _aArango, Arturo,
_d1955-
_921482
245 1 3 _aLa vida es una semana /
_cArturo Arango.
260 _aLa Habana :
_bUnión de Escritores y Artistas de Cuba,
_cc1990.
300 _a122 p. ;
_c19 cm.
490 1 _a"Luis Felipe Rodríguez"
_aCuento
586 _aPremio uneac, 88.
650 4 _aCuentos cubanos
_91482
650 4 _aLiteratura cubana
_ySIGLO XX
_99186
830 0 _a"Luis Felipe Rodríguez,
_pCuento
_924205
910 _aCatalogación por copia / LC
049 _aBNGR
999 _c9173
_d9173